| 000 | 00545nam a22001697a 4500 | ||
|---|---|---|---|
| 999 |
_c8652 _d8652 |
||
| 008 | 201209b ||||| |||| 00| 0 eng d | ||
| 040 | _aBMS College of Architecture | ||
| 100 | _aGoar, Javed Rashid | ||
| 245 | _aInternational exhibition and convention centre | ||
| 300 | _aiv,35p. | ||
| 500 | _a1BM12AT058 | ||
| 502 |
_8B,Arch _NBMS College of Architecture, Visvesvaraya Technological University (VTU) _aProject report _d2016 |
||
| 650 | _aExhibition | ||
| 700 |
_aP S Mamatha _eGuide |
||
| 700 |
_aRema Vaidyanthan _eGuide |
||
| 942 |
_2ddc _cTHE |
||